| 000 | 01081nam a2200385 a 4500 | ||
|---|---|---|---|
| 003 | AR-BaBNM | ||
| 005 | 20251128205558.0 | ||
| 008 | 082120s2002 ||||||||||||||000 | spa|| | ||
| 020 | _a84-7738-239-5 | ||
| 040 | _cAR-BaBNM | ||
| 100 | 1 | _aAznar Vallejo, Eduardo | |
| 245 | 0 | 0 | _aViajes y descubrimientos en la Edad Media |
| 260 |
_aMadrid _bSíntesis _c1994 |
||
| 300 |
_a159 p. _bil., láms. |
||
| 490 | 0 |
_aHistoria Universal: Medieval _vv. 13 |
|
| 500 | _aCronología para consultar p. 131-132 | ||
| 500 | _aColección documental p. 133-156 | ||
| 504 | _aBibliografía p. 157-159 | ||
| 600 | 0 | 4 | _aTolomeo |
| 600 | 0 | 4 | _aMarco Polo |
| 650 | 4 | _aHISTORIA MEDIEVAL | |
| 650 | 4 | _aECONOMIA | |
| 650 | 4 | _aSOCIEDAD | |
| 650 | 4 | _aBURGUESIA | |
| 650 | 4 | _aHISTORIA EUROPEA | |
| 650 | 4 | _aDESCUBRIMIENTOS | |
| 650 | 4 | _aINNOVACIONES | |
| 650 | 4 | _aDESARROLLO CIENTIFICO | |
| 650 | 4 | _aINVESTIGACION CIENTIFICA | |
| 650 | 4 | _aCOMERCIO | |
| 800 | 1 |
_aPlácido, Domingo _edirector |
|
| 800 | 1 |
_aManzano Moreno, Eduardo _ecoordinador |
|
| 942 | _cBK | ||
| 998 | _cMariana | ||
| 999 |
_c11980 _d11980 |
||